000 01099cam a22002651i 4500
003 SA-RiAUC
005 20260307125744.0
008 260220s1938 su g 00000 ara c
040 _aSA-RiKSU
_bara
_cSA-RiAUC
_erda
082 0 4 _a227.6
_qSA-RiAUC
090 _aم ن 227.6
_bخ ج ن
100 1 _aالخجندي، محمد سلطان بن محمد أورون،
_d1297-1380 هجري
_eمؤلف.
245 1 0 _aأوضح البرهان في تفسير أم القرآن /
_cتأليف محمد سلطان الخجندي.
250 _aالطبعة الأولى.
264 1 _a[مكان النشر غير محدد] :
_b[الناشر غير محدد]،
_c[1938]
264 3 _aمكة المكرمة :
_bمطبعة أم القرى
300 _a415 صفحة ؛
_c29 سم
336 _aنص
_btxt
_2rdacontent
_3كتاب
337 _aبدون وسيط
_bn
_2rdamedia
338 _aمجلد
_bnc
_2rdacarrier
630 2 7 _aالقرآن.
_pسورة الفاتحة
_xتفاسير حديثة
_2aucut
730 2 2 _aالقرآن
942 _2ddc
_cRBOOK COPY
_n0
949 _aSA-JeALM
_d260220
_umohamedma123
_n1
999 _c14523
_d14523